000 00884pam a2200301 a 4500
001 3857664
003 OSt
005 20160517111351.0
008 881024s1989 nyua b 001 0 eng
010 _a 88039360
020 _a9780071289481
040 _aSEKU
050 0 0 _a[MKS] HD 58.7 N49 2011
082 0 0 _a58.7
_213th ed
245 0 0 _aOrganizational behavior :
_bHuman Behavior at work
_c[edited by] John W. Newstrom
250 _a8th ed.
260 _aNew York :
_bMcGraw-Hill,
_cc2011
300 _axxi, 597 p. :
_bill. ;
_c24 cm.
440 0 _aMcGraw-Hill series in management
504 _aIncludes bibliographical references and indexes.
650 0 _aOrganizational behavior.
650 0 _aPersonnel management.
650 0 _a.
700 1 _aNewstrom, John W.
700 1 _aNewstrom, John.
_d1918-
942 _2lcc
_cGEN
999 _c14106
_d14106